000 00314nam a22001337a 4500
008 170529b xxu||||| |||| 00| 0 eng d
020 _a0299092208
041 _aeng
080 _a94
100 _a16
101 _aSHH
245 _aURBAN WORKERS AND LABOR UNIONS IN CHILE 1902-1927
_cDESHAZO.P
942 _2udc
_cBK
999 _c14951
_d14951